| 000 | 01499nam a2200481 i 4500 | ||
|---|---|---|---|
| 001 | 5663 | ||
| 003 | KOSZ 005 | ||
| 005 | 20190807133306.0 | ||
| 008 | 970510s1993 pl a f |000 0 pol | ||
| 015 | _aPB 1993/1089 | ||
| 020 | _a8385366377 | ||
| 035 | _a991000827119705066 | ||
| 035 | _a(PL-WaBN)b1025898x-48omnis_nlop | ||
| 035 | _ab1025898x | ||
| 035 | _a(OCoLC)749266092 | ||
| 035 | _a(PL)b0000001025898 | ||
| 035 | _a(EXLNZ-48OMNIS_NETWORK)9910292477805606 | ||
| 040 |
_aWA N _cWA N _dKOSZ 005/EG |
||
| 041 | _apol | ||
| 046 | _k1993 | ||
| 080 | _a658.1/.5 | ||
| 080 | _a339.138 | ||
| 100 | 1 |
_aNowotny, Izabella _eAutor |
|
| 245 | 1 | 0 |
_aPlan marketingowy : _bbudowa przyszłości przedsiębiorstwa / _cIzabella Nowotny. |
| 260 |
_aWarszawa : _b"Poltext", _c1993. |
||
| 300 |
_a221, [2] s. : _brys., wykr. ; _c16 cm. |
||
| 336 |
_2rdacontent _aTekst _btxt |
||
| 337 |
_2rdamedia _aBez urządzenia pośredniczącego _bn |
||
| 338 |
_2rdacarrier _aWolumin _bnc |
||
| 380 | _aKsiążki | ||
| 388 | _a1901-2000 | ||
| 388 | _a1989-2000 | ||
| 490 | 1 | _aPrywatyzacja | |
| 504 | _aBibliogr. s. 221-[222]. | ||
| 650 | 7 |
_aMarketing _2DBN |
|
| 650 | 7 |
_aPrzedsiębiorstwo _2DBN |
|
| 658 | _aZarządzanie i marketing | ||
| 710 | 2 |
_aWydawnictwo Poltext _4pbl |
|
| 830 | 0 | _aPrywatyzacja | |
| 856 |
_uhttp://koha.tu.koszalin.pl/cgi-bin/koha/opac-detail.pl?biblionumber=5663 _yKatalog online BPK |
||
| 942 |
_2UKD _cKS |
||
| 999 |
_c5663 _d5663 |
||